| 000 | 00838nam a2200229 a 4500 | ||
|---|---|---|---|
| 001 | 000047120 | ||
| 005 | 20201002053355.0 | ||
| 008 | 180417s2015 dr 000 0 spa d | ||
| 020 | _a9789945423358 | ||
| 040 |
_aDO-SdBNP _bspa _cBNPHU |
||
| 082 |
_axxxx _bxxxx |
||
| 245 | 0 | 3 |
_aLa primera defensa de los derechos humanos en el nuevo mundo / _cManuel Maceiras Fafián...[et al]. ; coordinación Pedro Antonio Eduardo. |
| 260 |
_aSanto Domingo : _bUniversidad APEC, _c2015. |
||
| 300 |
_a196 p. ; _c23 cm. |
||
| 590 | _aInventariado, 2018 /BT | ||
| 700 | 1 |
_aSalamone Savona, María Antonietta _974914 |
|
| 700 | 1 |
_aCordero Pando, Jesús _974915 |
|
| 700 | 1 |
_aGonzález R. Arnaiz, Graciano _974916 |
|
| 700 | 1 |
_aMéndez Francisco, Luis _970487 |
|
| 700 | 1 |
_aMéndez Coca, David _974917 |
|
| 700 | 1 |
_aEduardo, Pedro Antonio, _ecoord. _974918 |
|
| 999 |
_c46608 _d46608 |
||